[Event "Bahamas International"]
[Site "Nassau"]
[Date "2012.10.24"]
[Round "1"]
[White "Sambuev, Bator"]
[Black "Betaneli, Aleksandr"]
[Result "1-0"]
[WhiteElo "2524"]
[BlackElo "2223"]
[PlyCount "59"]
[EventDate "2012.10.??"]
[EventType "swiss"]
[EventRounds "9"]
[EventCountry "BAH"]

1. d4 d5 2. Nf3 Nf6 3. e3 e6 4. Bd3 c5 5. b3 Nc6 6. O-O Be7 7. Bb2 O-O 8. c4 b6
9. Nc3 Bb7 10. Rc1 Rc8 11. Qe2 cxd4 12. exd4 Nb4 13. Bb1 dxc4 14. bxc4 Bxf3 15.
gxf3 Nc6 16. d5 exd5 17. Nxd5 Nxd5 18. Qe4 f5 19. Qe6+ Kh8 20. cxd5 Bd6 21. Kh1
Bxh2 22. Bxf5 Qh4 23. Bh3 Rce8 24. Qg4 Qxg4 25. Bxg4 Be5 26. dxc6 Bxb2 27. c7
Rc8 28. Bxc8 Rxc8 29. Rfd1 Bf6 30. Rc6 1-0

[Event "Bahamas International"]
[Site "Nassau"]
[Date "2012.10.24"]
[Round "1"]
[White "Shabalov, Alexander"]
[Black "Mascarenhas, Alberto Pinheiro"]
[Result "1-0"]
[WhiteElo "2570"]
[BlackElo "2261"]
[PlyCount "73"]
[EventDate "2012.10.??"]
[EventType "swiss"]
[EventRounds "9"]
[EventCountry "BAH"]

1. c4 e5 2. Nc3 f5 3. g3 Nc6 4. Bg2 Nf6 5. a3 a5 6. d3 g6 7. Nf3 Bg7 8. O-O O-O
9. Rb1 d6 10. b4 axb4 11. axb4 h6 12. b5 Ne7 13. Bb2 g5 14. Ra1 Rxa1 15. Qxa1
f4 16. c5 fxg3 17. hxg3 Ng4 18. cxd6 cxd6 19. Qa3 d5 20. Qb4 Be6 21. Ba3 Rf7
22. Bh3 d4 23. Ne4 Nd5 24. Qd6 Qxd6 25. Bxd6 Bf5 26. Ra1 Nc3 27. Nxc3 dxc3 28.
Rc1 Nxf2 29. Bxf5 Rxf5 30. Kxf2 g4 31. Rxc3 gxf3 32. Rc8+ Kh7 33. e4 Rh5 34.
Rc7 Kg6 35. Rxb7 Rh2+ 36. Kxf3 h5 37. Rxg7+ 1-0

[Event "Bahamas International"]
[Site "Nassau"]
[Date "2012.10.24"]
[Round "1"]
[White "Santarius, Erik F"]
[Black "Margvelashvili, Giorgi"]
[Result "0-1"]
[WhiteElo "2278"]
[BlackElo "2582"]
[PlyCount "68"]
[EventDate "2012.10.??"]
[EventType "swiss"]
[EventRounds "9"]
[EventCountry "BAH"]

1. d4 Nf6 2. c4 c5 3. Nf3 cxd4 4. Nxd4 b6 5. Nc3 Bb7 6. f3 e6 7. Ndb5 d6 8. Bf4
e5 9. Bg5 a6 10. Bxf6 gxf6 11. Na3 f5 12. Qd3 e4 13. fxe4 fxe4 14. Qd4 Rg8 15.
Nd5 Bg7 16. Qxe4+ Kf8 17. O-O-O Nd7 18. Qf5 Ne5 19. e3 b5 20. Be2 bxc4 21. Rhf1
Qc8 22. Nxc4 Qxf5 23. Rxf5 Rc8 24. b3 Rc5 25. Ndb6 Ke7 26. Na4 Rc7 27. Kd2 Bxg2
28. Nxe5 Bxe5 29. Bc4 Kf8 30. Nb6 Bxh2 31. Rh5 Be5 32. Rxh7 Be4 33. Rh4 Rg2+
34. Ke1 Bg3+ 0-1

[Event "Bahamas International"]
[Site "Nassau"]
[Date "2012.10.25"]
[Round "2"]
[White "Friedel, Joshua E"]
[Black "Shabalov, Alexander"]
[Result "0-1"]
[WhiteElo "2495"]
[BlackElo "2570"]
[PlyCount "68"]
[EventDate "2012.10.??"]
[EventType "swiss"]
[EventRounds "9"]
[EventCountry "BAH"]

1. e4 e6 2. d4 d5 3. Nd2 Nf6 4. e5 Nfd7 5. Bd3 c5 6. c3 Nc6 7. Ngf3 g6 8. h4
Qb6 9. O-O cxd4 10. cxd4 Nxd4 11. Nxd4 Qxd4 12. Nf3 Qg4 13. Qc2 Bg7 14. Qc7 O-O
15. Bb5 Qb4 16. Bxd7 Qe7 17. Bg5 Qxd7 18. Rfc1 Re8 19. a4 h6 20. Be3 Rd8 21. b4
Qe8 22. b5 b6 23. Bf4 Bd7 24. Nd4 Rdc8 25. Qb7 g5 26. hxg5 hxg5 27. Bg3 Bf8 28.
Nb3 Bb4 29. f3 Bc3 30. Rab1 Rc4 31. Bf2 Qc8 32. Qxc8+ Raxc8 33. a5 bxa5 34.
Bxa7 Bxb5 0-1

[Event "Bahamas International"]
[Site "Nassau"]
[Date "2012.10.25"]
[Round "2"]
[White "Goldin, Alexander"]
[Black "Sarkar, Justin"]
[Result "1-0"]
[WhiteElo "2549"]
[BlackElo "2408"]
[PlyCount "71"]
[EventDate "2012.10.??"]
[EventType "swiss"]
[EventRounds "9"]
[EventCountry "BAH"]

1. Nf3 g6 2. d4 Nf6 3. c3 Bg7 4. Bf4 O-O 5. e3 d6 6. h3 c5 7. Nbd2 Nbd7 8. Be2
b6 9. O-O Bb7 10. a4 a6 11. Bh2 Ra7 12. Re1 Qa8 13. Bf1 Bc6 14. c4 Ne4 15. d5
Nxd2 16. Qxd2 Bb7 17. e4 a5 18. e5 Nxe5 19. Nxe5 Bxe5 20. Bxe5 dxe5 21. Rxe5
Qd8 22. Qh6 f6 23. Re3 Bc8 24. Rae1 Rf7 25. h4 Bd7 26. b3 Qf8 27. Qf4 Rb7 28.
Bd3 Rg7 29. Qh2 h5 30. Qf4 Kh7 31. Rg3 Qd8 32. Ree3 Bg4 33. Rxg4 hxg4 34. h5 e5
35. hxg6+ Kg8 36. Qxg4 1-0

[Event "Bahamas International"]
[Site "Nassau"]
[Date "2012.10.25"]
[Round "2"]
[White "Margvelashvili, Giorgi"]
[Black "Gerzhoy, Leonid"]
[Result "1/2-1/2"]
[WhiteElo "2582"]
[BlackElo "2469"]
[PlyCount "62"]
[EventDate "2012.10.??"]
[EventType "swiss"]
[EventRounds "9"]
[EventCountry "BAH"]

1. d4 d5 2. c4 c6 3. Nf3 e6 4. Qc2 dxc4 5. Qxc4 Nf6 6. Bg5 b5 7. Qc2 Bb7 8.
Nbd2 Nbd7 9. e4 a6 10. Be2 c5 11. d5 exd5 12. e5 h6 13. Bh4 g5 14. Bg3 Ne4 15.
Nxe4 dxe4 16. Nd2 Bg7 17. O-O-O O-O 18. Nxe4 Qe7 19. Nd6 Bxg2 20. Rhg1 Bh3 21.
f4 Qe6 22. Kb1 gxf4 23. Bxf4 Nxe5 24. Bxe5 Qxe5 25. Rg3 Rfd8 26. Rdg1 Rxd6 27.
Rxg7+ Kf8 28. Rg8+ Ke7 29. Rxa8 Bf5 30. Ra7+ Kf8 31. Ra8+ Ke7 1/2-1/2

[Event "Bahamas International"]
[Site "Nassau"]
[Date "2012.10.25"]
[Round "2"]
[White "O'Donnell, Tom"]
[Black "Santarius, Erik F"]
[Result "1/2-1/2"]
[WhiteElo "2350"]
[BlackElo "2278"]
[PlyCount "127"]
[EventDate "2012.10.??"]
[EventType "swiss"]
[EventRounds "9"]
[EventCountry "BAH"]

1. c4 e6 2. Nf3 d5 3. d4 Nf6 4. g3 Be7 5. Bg2 O-O 6. O-O dxc4 7. Qa4 a6 8. Qxc4
b5 9. Qc2 Bb7 10. Bf4 Nc6 11. Nbd2 Nxd4 12. Nxd4 Bxg2 13. Nxe6 fxe6 14. Kxg2 c5
15. Nf3 Qb6 16. Rfd1 Rad8 17. Rxd8 Rxd8 18. Rd1 c4 19. Be5 Ng4 20. Bd4 Qc6 21.
h3 Nf6 22. Be5 Rd5 23. Rxd5 Qxd5 24. b3 cxb3 25. Qxb3 Qxb3 26. axb3 Nd7 27. Bc3
Bf6 28. Bxf6 gxf6 29. Kf1 e5 30. Ke1 a5 31. Nd2 Kf7 32. Kd1 Kg6 33. e4 Nb8 34.
Kc2 Nc6 35. Nf1 Nd4+ 36. Kc3 f5 37. exf5+ Kxf5 38. f4 Ne2+ 39. Kd3 Nd4 40. Kc3
Ke4 41. fxe5 Kxe5 42. g4 Ne2+ 43. Kd2 Ng1 44. h4 Nf3+ 45. Kd3 Nxh4 46. Ne3 Ng6
47. Nc2 Nf4+ 48. Kd2 Ne6 49. b4 axb4 50. Nxb4 Nc7 51. Nd3+ Ke4 52. Nc5+ Kf4 53.
Nd7 Nd5 54. Kd3 Kxg4 55. Kd4 b4 56. Kxd5 b3 57. Ne5+ Kg3 58. Nc4 h5 59. Kd4 h4
60. Kc3 h3 61. Ne3 Kf3 62. Nf1 b2 63. Kxb2 h2 64. Nxh2+ 1/2-1/2

[Event "Bahamas International"]
[Site "Nassau"]
[Date "2012.10.25"]
[Round "2"]
[White "Norowitz, Yaacov"]
[Black "Sambuev, Bator"]
[Result "1/2-1/2"]
[WhiteElo "2420"]
[BlackElo "2524"]
[PlyCount "114"]
[EventDate "2012.10.??"]
[EventType "swiss"]
[EventRounds "9"]
[EventCountry "BAH"]

1. d4 d5 2. c4 c6 3. cxd5 cxd5 4. Nf3 Nc6 5. Nc3 Nf6 6. Bf4 Ne4 7. e3 Nxc3 8.
bxc3 g6 9. Bb5 Bg7 10. Ne5 Qa5 11. Qb3 Bxe5 12. Bxe5 O-O 13. Bg3 Bf5 14. O-O
Rac8 15. Be2 Rfd8 16. Rfc1 Qb6 17. Qxb6 axb6 18. c4 dxc4 19. Rxc4 Be6 20. Rcc1
Nb4 21. Rxc8 Rxc8 22. a4 Rc2 23. Bb5 Na2 24. Bd3 Rb2 25. h4 Bd5 26. Bc7 Nc3 27.
Ra3 Nb1 28. Bxb1 Rxb1+ 29. Kh2 Kf8 30. f3 f5 31. Kg3 Rb2 32. Kf4 Bc6 33. e4
fxe4 34. fxe4 Rxg2 35. Bxb6 Rf2+ 36. Ke5 Rh2 37. d5 Bd7 38. Bc5 Rxh4 39. Rb3
Bc8 40. Rc3 Bh3 41. Bf2 Rh5+ 42. Kf4 e5+ 43. Kf3 Bd7 44. a5 Rh3+ 45. Bg3 h5 46.
Kf2 h4 47. Bxe5 Rxc3 48. Bxc3 Kf7 49. Ke3 g5 50. Be1 Bh3 51. e5 Kg6 52. e6 Kf6
53. Bc3+ Ke7 54. Bg7 Bxe6 55. dxe6 Kxe6 56. Bd4 Kd5 57. Bf6 h3 1/2-1/2

[Event "Bahamas International"]
[Site "Nassau"]
[Date "2012.10.25"]
[Round "3"]
[White "Friedel, Joshua E"]
[Black "O'Donnell, Tom"]
[Result "1/2-1/2"]
[WhiteElo "2495"]
[BlackElo "2350"]
[PlyCount "31"]
[EventDate "2012.10.??"]
[EventType "swiss"]
[EventRounds "9"]
[EventCountry "BAH"]

1. e4 c5 2. Nf3 Nc6 3. d4 cxd4 4. Nxd4 e5 5. Nb5 a6 6. Nd6+ Bxd6 7. Qxd6 Qf6 8.
Qd1 Qg6 9. Nc3 d5 10. Nxd5 Qxe4+ 11. Ne3 Nge7 12. Bd3 Qh4 13. O-O O-O 14. c3
Rd8 15. Qc2 Be6 16. Nf5 1/2-1/2

[Event "Bahamas International"]
[Site "Nassau"]
[Date "2012.10.25"]
[Round "3"]
[White "Sarkar, Justin"]
[Black "Dougherty, Michael"]
[Result "1/2-1/2"]
[WhiteElo "2408"]
[BlackElo "2149"]
[PlyCount "70"]
[EventDate "2012.10.??"]
[EventType "swiss"]
[EventRounds "9"]
[EventCountry "BAH"]

1. d4 g6 2. e4 Bg7 3. Nf3 c5 4. dxc5 Qa5+ 5. c3 Qxc5 6. Na3 b6 7. Nb5 Bb7 8.
Be3 Qc8 9. Bf4 Na6 10. Bd3 Nf6 11. e5 Nd5 12. Bg3 Nac7 13. a4 Ne6 14. Qd2 h5
15. h4 Bh6 16. Ng5 Bxg5 17. hxg5 h4 18. c4 Ndc7 19. f3 Nxb5 20. cxb5 Qc5 21.
Rc1 Qd5 22. Bc4 Qxd2+ 23. Kxd2 h3 24. Bxe6 fxe6 25. Ke3 Bd5 26. Rc3 hxg2 27.
Rxh8+ Kf7 28. Rh7+ Kg8 29. Kf2 Kxh7 30. Kxg2 a6 31. bxa6 Rxa6 32. b3 b5 33.
axb5 Rb6 34. Bf2 Rxb5 35. Bc5 Rxb3 1/2-1/2

[Event "Bahamas International"]
[Site "Nassau"]
[Date "2012.10.25"]
[Round "3"]
[White "Norowitz, Yaacov"]
[Black "Margvelashvili, Giorgi"]
[Result "1/2-1/2"]
[WhiteElo "2420"]
[BlackElo "2582"]
[PlyCount "31"]
[EventDate "2012.10.??"]
[EventType "swiss"]
[EventRounds "9"]
[EventCountry "BAH"]

1. d4 Nf6 2. Nf3 e6 3. Bg5 h6 4. Bh4 d6 5. h3 b6 6. c4 Be7 7. e3 Bb7 8. Bd3 O-O
9. O-O Nbd7 10. Nc3 c5 11. Qe2 Rc8 12. Rfd1 cxd4 13. exd4 Re8 14. Bg3 a6 15. b4
Bf8 16. Rab1 1/2-1/2

[Event "Bahamas International"]
[Site "Nassau"]
[Date "2012.10.26"]
[Round "4"]
[White "Dougherty, Michael"]
[Black "Santarius, Erik F"]
[Result "0-1"]
[WhiteElo "2149"]
[BlackElo "2149"]
[PlyCount "134"]
[EventDate "2012.10.??"]
[EventType "swiss"]
[EventRounds "9"]
[EventCountry "BAH"]

1. c4 e5 2. Nc3 Nf6 3. g3 d5 4. cxd5 Nxd5 5. Bg2 Nb6 6. Nf3 Nc6 7. O-O Be7 8.
d3 O-O 9. a4 a5 10. Be3 Bg4 11. Rc1 Qd7 12. Nb5 Nd5 13. Bc5 Rfe8 14. Bxe7 Rxe7
15. Ng5 Nd4 16. Nxd4 exd4 17. Be4 Nf6 18. f3 Nxe4 19. Nxe4 Bh3 20. Rf2 b6 21.
g4 f5 22. Qb3+ Kh8 23. gxf5 Qxf5 24. f4 Rf8 25. Kh1 h6 26. Ng3 Qd7 27. Qb5 Qe6
28. Qc6 Qe3 29. Rf3 Qe6 30. f5 Qe5 31. Qg6 Qd5 32. Qh5 Bxf5 33. Nxf5 Re5 34.
Rxc7 Rexf5 35. Qg6 Rg5 36. Qe4 Qxe4 37. dxe4 Re8 38. Rf4 Rd8 39. Rf5 Rg4 40.
Rd5 Rf8 41. Rf5 Re8 42. e5 Re6 43. h3 Re4 44. Rc2 R6xe5 45. Rxe5 Rxe5 46. Kg2
Kh7 47. Kf2 Rf5+ 48. Kg3 Rc5 49. Rd2 Rc4 50. b3 Rc3+ 51. Kg2 Rxb3 52. Rxd4 Re3
53. Kf2 Rxh3 54. e3 Rh2+ 55. Kf3 Rb2 56. Rd6 Kg8 57. Ke4 Kf7 58. Rc6 h5 59. Kf5
h4 60. Rc7+ Kg8 61. Kg4 Rb4+ 62. Kf5 h3 63. e4 h2 64. Rc8+ Kf7 65. Rh8 Rb2 66.
Rh7 Rf2+ 67. Ke5 Rg2 0-1

[Event "Bahamas International"]
[Site "Nassau"]
[Date "2012.10.26"]
[Round "4"]
[White "O'Donnell, Tom"]
[Black "Sarkar, Justin"]
[Result "1/2-1/2"]
[WhiteElo "2350"]
[BlackElo "2408"]
[PlyCount "120"]
[EventDate "2012.10.??"]
[EventType "swiss"]
[EventRounds "9"]
[EventCountry "BAH"]

1. e4 c5 2. Nf3 d6 3. d4 cxd4 4. Nxd4 Nf6 5. f3 e5 6. Nb3 Be7 7. c4 a5 8. Be3
a4 9. N3d2 Qa5 10. Nc3 O-O 11. Be2 Be6 12. O-O Bd8 13. Kh1 Bb6 14. Bxb6 Qxb6
15. Nxa4 Qb4 16. b3 Nc6 17. Nb1 Nd4 18. Nbc3 Nd7 19. f4 Nc5 20. Nxc5 dxc5 21.
Nd5 Bxd5 22. cxd5 exf4 23. Rxf4 Qc3 24. Bd3 Nxb3 25. Rb1 Nd2 26. Rc1 Qxd3 27.
Rc2 Qe3 28. Qxd2 Qxd2 29. Rxd2 Rfe8 30. Kg1 f6 31. Rb2 Ra7 32. d6 Kf7 33. d7
Rd8 34. Rf5 b6 35. Rxb6 Rdxd7 36. Rb2 Rd1+ 37. Kf2 Rc1 38. Ke2 Ra4 39. Kd2 Rg1
40. Kc3 Rc1+ 41. Kd2 Rg1 42. Kc3 Ra3+ 43. Kc4 Rc1+ 44. Kb5 c4 45. Rff2 Re3 46.
Rbc2 Rb1+ 47. Kxc4 Rxe4+ 48. Kd3 Ra4 49. Rfd2 h5 50. Rc4 Ra3+ 51. Ke2 g5 52. h3
h4 53. Kf2 Ra1 54. Rdc2 Kg6 55. R4c3 R1xa2 56. Rxa2 Rxa2+ 57. Kg1 f5 58. Rb3
Rd2 59. Rb6+ Kh5 60. Rb5 f4 1/2-1/2

[Event "Bahamas International"]
[Site "Nassau"]
[Date "2012.10.26"]
[Round "4"]
[White "Gerzhoy, Leonid"]
[Black "Norowitz, Yaacov"]
[Result "1/2-1/2"]
[WhiteElo "2469"]
[BlackElo "2420"]
[PlyCount "71"]
[EventDate "2012.10.??"]
[EventType "swiss"]
[EventRounds "9"]
[EventCountry "BAH"]

1. d4 Nf6 2. Nf3 e6 3. e3 c5 4. Bd3 Nc6 5. O-O d5 6. b3 cxd4 7. exd4 Qc7 8. c4
Be7 9. Nc3 O-O 10. Bb2 Rd8 11. Qe2 Nb4 12. Bb1 b6 13. a3 Nc6 14. cxd5 exd5 15.
h3 Re8 16. Qc2 g6 17. Rc1 Bb7 18. b4 Rac8 19. Qd2 Qb8 20. Bd3 Nd8 21. Ne5 Ne6
22. Ne2 Rxc1+ 23. Rxc1 Nh5 24. Rf1 f6 25. Ng4 Nef4 26. Nxf4 Nxf4 27. Bb5 Rf8
28. Re1 Bd6 29. Nxf6+ Kh8 30. Nd7 Qd8 31. Qe3 Qg5 32. Bf1 Bc8 33. Nxf8 Nxh3+
34. Kh1 Nxf2+ 35. Kg1 Nh3+ 36. Kh1 1/2-1/2

[Event "Bahamas International"]
[Site "Nassau"]
[Date "2012.10.26"]
[Round "5"]
[White "Margvelashvili, Giorgi"]
[Black "Goldin, Alexander"]
[Result "1/2-1/2"]
[WhiteElo "2582"]
[BlackElo "2549"]
[PlyCount "30"]
[EventDate "2012.10.??"]
[EventType "swiss"]
[EventRounds "9"]
[EventCountry "BAH"]

1. d4 Nf6 2. Nf3 d5 3. c4 e6 4. e3 c5 5. cxd5 exd5 6. Bb5+ Bd7 7. Bxd7+ Nbxd7
8. dxc5 Nxc5 9. O-O Be7 10. Nc3 O-O 11. b3 Qd7 12. Bb2 Rfd8 13. Ne2 Nfe4 14.
Rc1 Rac8 15. Nf4 Bf6 1/2-1/2

[Event "Bahamas International"]
[Site "Nassau"]
[Date "2012.10.26"]
[Round "5"]
[White "Sambuev, Bator"]
[Black "Sarkar, Justin"]
[Result "0-1"]
[WhiteElo "2524"]
[BlackElo "2408"]
[PlyCount "78"]
[EventDate "2012.10.??"]
[EventType "swiss"]
[EventRounds "9"]
[EventCountry "BAH"]

1. Nf3 g6 2. c4 Bg7 3. d4 Nf6 4. Nc3 d5 5. Bg5 Ne4 6. cxd5 Nxg5 7. Nxg5 e6 8.
Nf3 exd5 9. e3 a5 10. Be2 O-O 11. O-O Re8 12. a3 Bf8 13. Ne1 c6 14. Rb1 Nd7 15.
b4 Nb6 16. Qb3 axb4 17. axb4 Be6 18. Nf3 Nc4 19. Bxc4 dxc4 20. Qb2 Bf5 21. e4
Bxe4 22. Nxe4 Rxe4 23. b5 c5 24. Qc2 Qd5 25. dxc5 Bxc5 26. Rbd1 Qf5 27. Rd2 Rf4
28. Qd1 Qf6 29. Qe2 b6 30. h3 Ra3 31. Qe8+ Kg7 32. Rd8 Rfxf3 33. gxf3 Qg5+ 34.
Kh1 Rxf3 35. Qd7 Rd3 36. Qxd3 cxd3 37. Rxd3 Qf5 38. Rg3 Bd6 39. Re3 Qf4 0-1

[Event "Bahamas International"]
[Site "Nassau"]
[Date "2012.10.26"]
[Round "5"]
[White "Shabalov, Alexander"]
[Black "Gerzhoy, Leonid"]
[Result "1/2-1/2"]
[WhiteElo "2570"]
[BlackElo "2469"]
[PlyCount "46"]
[EventDate "2012.10.??"]
[EventType "swiss"]
[EventRounds "9"]
[EventCountry "BAH"]

1. d4 d5 2. c4 c6 3. Nc3 e6 4. Nf3 dxc4 5. g3 b5 6. Bg2 Bb7 7. O-O Nd7 8. a4 a6
9. e4 Ngf6 10. Qc2 Be7 11. Bf4 O-O 12. Rad1 Qb6 13. Rfe1 Rfe8 14. h3 Rad8 15.
g4 Nf8 16. Be3 c5 17. axb5 axb5 18. g5 Nh5 19. b3 cxb3 20. Qxb3 Ng6 21. Qxb5
Qxb5 22. Nxb5 cxd4 23. Rxd4 Rxd4 1/2-1/2

[Event "Bahamas International"]
[Site "Nassau"]
[Date "2012.10.26"]
[Round "5"]
[White "Norowitz, Yaacov"]
[Black "O'Donnell, Tom"]
[Result "1/2-1/2"]
[WhiteElo "2420"]
[BlackElo "2350"]
[PlyCount "112"]
[EventDate "2012.10.??"]
[EventType "swiss"]
[EventRounds "9"]
[EventCountry "BAH"]

1. d4 Nf6 2. Nf3 d5 3. c4 c6 4. cxd5 cxd5 5. Nc3 Nc6 6. Bf4 a6 7. Ne5 e6 8. e3
Bd6 9. Qa4 Bxe5 10. Bxe5 O-O 11. Bg3 Nh5 12. Be2 Nxg3 13. hxg3 Bd7 14. O-O Qe7
15. Rfc1 Rfc8 16. Qd1 Na7 17. a3 Qd6 18. e4 dxe4 19. Nxe4 Qe7 20. Nc5 Bc6 21.
Qb3 Rd8 22. Qb4 Rd6 23. Bf3 Bxf3 24. gxf3 Nb5 25. Rc4 Rdd8 26. Nxa6 Qxb4 27.
Nxb4 Nxd4 28. Kg2 Rd7 29. Rac1 Kf8 30. Rc7 Rad8 31. Rxd7 Rxd7 32. Nd3 f6 33.
Rc8+ Kf7 34. Nc5 Re7 35. Rb8 b5 36. Ne4 Rd7 37. Nc3 Nc2 38. Nxb5 Ne1+ 39. Kf1
Nxf3 40. a4 e5 41. Ke2 e4 42. a5 f5 43. Rb7 Rxb7 44. Nd6+ Ke6 45. Nxb7 Nd4+ 46.
Ke3 Nb5 47. g4 fxg4 48. Nc5+ Kd5 49. Nxe4 h5 50. Kf4 Kc4 51. Kg5 g6 52. Ng3 Kb4
53. a6 Ka5 54. Nxh5 gxh5 55. Kxh5 Kxa6 56. Kxg4 Nd6 1/2-1/2

[Event "Bahamas International"]
[Site "Nassau"]
[Date "2012.10.27"]
[Round "6"]
[White "Gerzhoy, Leonid"]
[Black "Santarius, Erik F"]
[Result "1/2-1/2"]
[WhiteElo "2469"]
[BlackElo "2278"]
[PlyCount "107"]
[EventDate "2012.10.??"]
[EventType "swiss"]
[EventRounds "9"]
[EventCountry "BAH"]

1. d4 d5 2. Nf3 Nf6 3. e3 c5 4. c4 cxd4 5. exd4 e6 6. Nc3 Be7 7. cxd5 exd5 8.
Bb5+ Bd7 9. Bxd7+ Nbxd7 10. O-O O-O 11. Bf4 Qa5 12. a3 Ne4 13. Qe1 Nxc3 14.
Qxe7 Rae8 15. Qxd7 Ne2+ 16. Kh1 Nxf4 17. Qf5 Ne6 18. b4 Qb5 19. Rfe1 a5 20.
bxa5 Qxa5 21. Re3 h6 22. h4 g6 23. Qc2 Ng7 24. Rae1 Rxe3 25. Rxe3 Nf5 26. Re5
Qd8 27. g3 Qf6 28. Qe2 Ra8 29. Re8+ Rxe8 30. Qxe8+ Kg7 31. Qe5 Qxe5 32. dxe5 f6
33. Kg2 g5 34. hxg5 fxg5 35. Ne1 Kf7 36. Nd3 b5 37. Nc5 Nd4 38. f4 gxf4 39.
gxf4 Ne6 40. Nd3 Kg6 41. Kg3 Kf5 42. Kh4 d4 43. Kh5 Ke4 44. f5 Kxf5 45. Kxh6
Ke4 46. Nb2 Nc5 47. a4 b4 48. a5 b3 49. Na4 Ne6 50. a6 Kxe5 51. a7 Nc7 52. Nc5
Kd5 53. Nxb3 Kc6 54. Nxd4+ 1/2-1/2

[Event "Bahamas International"]
[Site "Nassau"]
[Date "2012.10.27"]
[Round "6"]
[White "Goldin, Alexander"]
[Black "Norowitz, Yaacov"]
[Result "1/2-1/2"]
[WhiteElo "2549"]
[BlackElo "2420"]
[PlyCount "91"]
[EventDate "2012.10.??"]
[EventType "swiss"]
[EventRounds "9"]
[EventCountry "BAH"]

1. Nf3 Nf6 2. g3 d5 3. Bg2 Bg4 4. c4 c6 5. Ne5 e6 6. cxd5 exd5 7. Nxg4 Nxg4 8.
e4 Nf6 9. e5 Nfd7 10. O-O Qb6 11. d4 Na6 12. Nc3 Nc7 13. Na4 Qa6 14. f4 O-O-O
15. Be3 Nb6 16. Nxb6+ Qxb6 17. Qc2 Kb8 18. Rab1 f6 19. b4 g6 20. a4 Bh6 21. Bf2
a6 22. Rb3 Rhf8 23. Rfb1 Ne6 24. Qd2 Rf7 25. b5 cxb5 26. axb5 a5 27. Ra3 Re7
28. Qxa5 Qxa5 29. Rxa5 b6 30. Ra6 Rb7 31. exf6 Nc7 32. Ra2 Ne8 33. Rba1 Nxf6
34. Ra8+ Kc7 35. Rc1+ Kd7 36. Bh3+ Ke8 37. Re1+ Ne4 38. Ra6 Kf7 39. Be3 Re8 40.
Bf1 Bg7 41. Ra3 Rbe7 42. Bg2 Nd6 43. Bxd5+ Kf8 44. g4 Nxb5 45. Ra8 Rxa8 46.
Bxa8 1/2-1/2

[Event "Bahamas International"]
[Site "Nassau"]
[Date "2012.10.27"]
[Round "6"]
[White "O'Donnell, Tom"]
[Black "Margvelashvili, Giorgi"]
[Result "1/2-1/2"]
[WhiteElo "2350"]
[BlackElo "2582"]
[PlyCount "70"]
[EventDate "2012.10.??"]
[EventType "swiss"]
[EventRounds "9"]
[EventCountry "BAH"]

1. c4 g6 2. Nc3 c5 3. g3 Bg7 4. Bg2 Nc6 5. e4 e6 6. Nge2 Nge7 7. Rb1 O-O 8. O-O
d6 9. a3 b6 10. d3 Bb7 11. b4 Qd7 12. Be3 Nd4 13. f4 Rae8 14. Bf2 Nxe2+ 15.
Nxe2 Ba8 16. d4 cxd4 17. Nxd4 a6 18. Nb3 Qc7 19. Qe2 e5 20. fxe5 Bxe5 21. a4
Bg7 22. c5 bxc5 23. bxc5 dxc5 24. Nxc5 a5 25. Rfc1 Nc6 26. Nd3 Qd8 27. Nf4 Nb4
28. Qc4 Qd7 29. Bc5 Rc8 30. Bh3 Qxa4 31. Bxc8 Rxc8 32. Nd5 Bxd5 33. exd5 Qd7
34. d6 Be5 35. Qe4 Bxd6 1/2-1/2

[Event "Bahamas International"]
[Site "Nassau"]
[Date "2012.10.27"]
[Round "6"]
[White "Sambuev, Bator"]
[Black "Selzler, Richard"]
[Result "1-0"]
[WhiteElo "2524"]
[BlackElo "2200"]
[PlyCount "49"]
[EventDate "2012.10.??"]
[EventType "swiss"]
[EventRounds "9"]
[EventCountry "BAH"]

1. d4 Nf6 2. Nf3 e6 3. e3 b6 4. Bd3 Bb7 5. O-O Be7 6. c4 c5 7. Nc3 cxd4 8. exd4
O-O 9. d5 exd5 10. cxd5 d6 11. Nd4 a6 12. Nf5 Re8 13. Qf3 Bf8 14. Bg5 Nbd7 15.
Qg3 Kh8 16. Rfe1 Rxe1+ 17. Rxe1 h6 18. Qh3 Kg8 19. Bxh6 gxh6 20. Re3 h5 21.
Rg3+ Kh8 22. Rg5 Qe8 23. Rxh5+ Nxh5 24. Qxh5+ Kg8 25. Ne7+ 1-0

[Event "Bahamas International"]
[Site "Nassau"]
[Date "2012.10.27"]
[Round "6"]
[White "Sarkar, Justin"]
[Black "Shabalov, Alexander"]
[Result "1/2-1/2"]
[WhiteElo "2408"]
[BlackElo "2570"]
[PlyCount "100"]
[EventDate "2012.10.??"]
[EventType "swiss"]
[EventRounds "9"]
[EventCountry "BAH"]

1. d4 Nf6 2. c4 c5 3. d5 e6 4. Nc3 exd5 5. cxd5 d6 6. Nf3 g6 7. Bf4 a6 8. a4
Bg7 9. h3 O-O 10. e3 Ne8 11. Be2 Nd7 12. O-O h6 13. Nd2 Qe7 14. Nc4 Rb8 15. a5
f5 16. Re1 Kh8 17. Rb1 Ne5 18. Bxe5 Bxe5 19. f4 Bg7 20. Bd3 Bd7 21. Nb6 Nf6 22.
Kh2 Be8 23. Qf3 Nd7 24. Nca4 Nf6 25. Nc3 Nd7 26. Nca4 Rd8 27. Nxd7 Bxd7 28. Nb6
Bb5 29. e4 fxe4 30. Rxe4 Qf6 31. b4 Be8 32. bxc5 dxc5 33. Rc1 g5 34. Rxc5 Qd6
35. Re6 Qxf4+ 36. Qxf4 Rxf4 37. Rc7 Bf8 38. Rxb7 Bf7 39. Rc6 Bd6 40. Rd7 Rxd7
41. Nxd7 Bb4 42. Rxh6+ Kg7 43. Rxa6 Rd4 44. Ne5 Bxd5 45. Rg6+ Kf8 46. a6 Ke7
47. Bc4 Bd6 48. Rxd6 Kxd6 49. Bxd5 Kxd5 50. Nf3 Ra4 1/2-1/2

[Event "Bahamas International"]
[Site "Nassau"]
[Date "2012.10.27"]
[Round "6"]
[White "Betaneli, Aleksandr"]
[Black "Dougherty, Michael"]
[Result "1-0"]
[WhiteElo "2223"]
[BlackElo "2149"]
[PlyCount "61"]
[EventDate "2012.10.??"]
[EventType "swiss"]
[EventRounds "9"]
[EventCountry "BAH"]

1. c4 g6 2. e4 Bg7 3. Nf3 c5 4. d4 cxd4 5. Nxd4 Nc6 6. Be3 Nf6 7. Nc3 Ng4 8.
Qxg4 Nxd4 9. Qd1 Ne6 10. Qd2 Qa5 11. Rc1 d6 12. Be2 Bd7 13. b3 Bc6 14. f3 Bxc3
15. Qxc3 Qxc3+ 16. Rxc3 f5 17. exf5 gxf5 18. O-O f4 19. Bf2 Rg8 20. Rd1 Rg5 21.
h4 Ra5 22. a4 O-O-O 23. Bd3 h6 24. Bc2 b6 25. c5 Rxc5 26. Bxc5 dxc5 27. Re1 Bd7
28. b4 Nc7 29. Bb3 cxb4 30. Rc4 Kb8 31. Rxe7 1-0

[Event "Bahamas International"]
[Site "Nassau"]
[Date "2012.10.27"]
[Round "7"]
[White "Gerzhoy, Leonid"]
[Black "Betaneli, Aleksandr"]
[Result "1-0"]
[WhiteElo "2469"]
[BlackElo "2223"]
[PlyCount "105"]
[EventDate "2012.10.??"]
[EventType "swiss"]
[EventRounds "9"]
[EventCountry "BAH"]

1. d4 d5 2. Nf3 Nf6 3. e3 e6 4. Bd3 c5 5. b3 Qa5+ 6. c3 Nc6 7. O-O Be7 8. Bb2
O-O 9. Nbd2 Qc7 10. c4 cxd4 11. exd4 Rd8 12. a3 b6 13. cxd5 exd5 14. Rc1 Qd6
15. Ne5 Bb7 16. Ndf3 Ne4 17. Qe2 Rac8 18. Bxe4 dxe4 19. Qxe4 Na5 20. Qe3 Bd5
21. Nd2 Qe6 22. b4 Nb7 23. b5 Na5 24. a4 f6 25. Nef3 Qxe3 26. fxe3 Nb3 27. Rxc8
Rxc8 28. e4 Bf7 29. Nxb3 Bxb3 30. Ra1 Rc4 31. a5 Rc2 32. axb6 axb6 33. Ba3 Bd8
34. d5 Ra2 35. Rxa2 Bxa2 36. Nd4 Kf7 37. Ne6 Be7 38. Bxe7 Kxe7 39. Nxg7 Bb1 40.
Nf5+ Kd7 41. Ng3 Bd3 42. Kf2 Bxb5 43. Ke3 Ba4 44. Kd4 Bd1 45. Nf5 Be2 46. Ne3
h5 47. h4 Kd6 48. g4 b5 49. gxh5 Bxh5 50. Nf5+ Kd7 51. Ng3 Bg6 52. h5 Bh7 53.
Kc5 1-0